Mrs C Absolom et al v Cental Land Board; Carpenders Park Estates Ltd v Central Land Board (Record no. 60133)

MARC details
000 -LEADER
fixed length control field 00714cam a2200181 4500
001 - CONTROL NUMBER
control field T100524
008 - FIXED-LENGTH DATA ELEMENTS--GENERAL INFORMATION
fixed length control field 000000n1957 000 0 eng u
035 ## - SYSTEM CONTROL NUMBER
System control number (Sirsi) u100524
110 ## - MAIN ENTRY--CORPORATE NAME
Corporate name or jurisdiction name as entry element England and Wales
Subordinate unit Lands Tribunal
9 (RLIN) 1252
245 ## - TITLE STATEMENT
Title Mrs C Absolom et al v Cental Land Board; Carpenders Park Estates Ltd v Central Land Board
260 ## - PUBLICATION, DISTRIBUTION, ETC.
Date of publication, distribution, etc. 1957
520 ## - SUMMARY, ETC.
Summary, etc. CLB/2410/1954 AND CLB/141/1956. 19 Feb 1957. Stored in offsite archive. Please ask library for further details
650 ## - SUBJECT ADDED ENTRY--TOPICAL TERM
Topical term or geographic name entry element ABSOLOM V CENTRAL LONDON BOARD
650 ## - SUBJECT ADDED ENTRY--TOPICAL TERM
Topical term or geographic name entry element CARPENDERS PARK ESTATES LTD V CENTRAL LONDON BOARD
650 ## - SUBJECT ADDED ENTRY--TOPICAL TERM
Topical term or geographic name entry element TOWN AND COUNTRY PLANNING ACT 1947 PART V1
690 ## - LOCAL SUBJECT ADDED ENTRY--TOPICAL TERM (OCLC, RLIN)
Topical term or geographic name as entry element PLANNING LAW AND PRACTICE-CASE LAW
942 ## - ADDED ENTRY ELEMENTS (KOHA)
Suppress in OPAC 0
Holdings
Withdrawn status Lost status Source of classification or shelving scheme Damaged status Not for loan Home library Current library Shelving location Date acquired Total Checkouts Full call number Barcode Date last seen Copy number Price effective from Koha item type
    Dewey Decimal Classification     London London RICS Boxes 18/10/1999   ARCHIVES 30059524 06/08/2019 1 06/08/2019 Archive